000 01921nam a2200577 i 4500
001 5980
003 KOSZ 005
005 20190925125947.0
008 970510s1993 pl a f |001 0 pol
015 _aPB 1993/5545
020 _a8320415292
035 _a991000984369705066
035 _a(PL-WaBN)b1029904x-48omnis_nlop
035 _ab1029904x
035 _a(OCoLC)749612350
035 _a(PL)b0000001029904
035 _a(EXLNZ-48OMNIS_NETWORK)9910306562005606
040 _aWA N
_cWA N
_dKOSZ 005/EG
041 _apol
080 _a62-192
080 _a519.6
080 _a681.5
080 _a(075.8)
100 1 _aOprzędkiewicz, Janusz
_eAutor
245 1 0 _aWspomaganie komputerowe w niezawodności maszyn /
_cJanusz Oprzędkiewicz.
260 _aWarszawa :
_bWydawnictwa Naukowo-Techniczne,
_c1993.
300 _a219, [5] s. :
_brys., wykr. ;
_c25 cm.
336 _2rdacontent
_aTekst
_btxt
337 _2rdamedia
_aBez urządzenia pośredniczącego
_bn
338 _2rdacarrier
_aWolumin
_bnc
380 _aKsiążki
380 _aPublikacje dydaktyczne
385 _mPoziom nauczania
_aSzkoły wyższe
388 _a1901-2000
388 _a1989-2000
490 1 _aWspomaganie Komputerowe CAD/CAM
504 _aBibliogr. przy rozdz. - Indeks.
650 7 _aKomputery
_2DBN
650 7 _aAutomatyzacja
650 7 _aNiezawodność urządzeń
_2DBN
650 7 _aStatystyka matematyczna
_2DBN
650 7 _aSymulacja
_2DBN
655 7 _aPodręczniki akademickie
_2DBN
658 _aInżynieria i technika
658 _aInformatyka i technologie informacyjne
710 2 _aWydawnictwa Naukowo-Techniczne
_4pbl
830 0 _aWspomaganie Komputerowe CAD/CAM
856 _uhttp://koha.tu.koszalin.pl/cgi-bin/koha/opac-detail.pl?biblionumber=5980
_yKatalog online BPK
942 _2UKD
_cKS
999 _c5980
_d5980